Housing investment trusts: a new structure of rental housing provision? (Record no. 71428)

MARC details
000 -LEADER
fixed length control field 01113cam a2200241 4500
001 - CONTROL NUMBER
control field ABS66058
008 - FIXED-LENGTH DATA ELEMENTS--GENERAL INFORMATION
fixed length control field 021024n2002 000 0 eng u
035 ## - SYSTEM CONTROL NUMBER
System control number (Sirsi) u120237
100 ## - MAIN ENTRY--PERSONAL NAME
Personal name Crook, A. D. H.
245 ## - TITLE STATEMENT
Title Housing investment trusts: a new structure of rental housing provision?
260 ## - PUBLICATION, DISTRIBUTION, ETC.
Date of publication, distribution, etc. 2002
490 ## - SERIES STATEMENT
Series statement Housing Studies
Volume/sequential designation 17(5) September 2002, 741-753(13)
520 ## - SUMMARY, ETC.
Summary, etc. This paper reports on qualitative interviews with financial institutions to examine why housing investment trusts have proved to be a policy failure. It is argued that the rules governing such trusts did not reflect the normal operations of a property company and that the existing structure of housing provision in the private rented sector was itself an obstacle to the modernisation of private landlordism. (TAKEN FROM JOURNAL HEADNOTE)
590 ## - LOCAL NOTE (RLIN)
Local note ABS
650 ## - SUBJECT ADDED ENTRY--TOPICAL TERM
Topical term or geographic name entry element PRIVATE LANDLORDS
650 ## - SUBJECT ADDED ENTRY--TOPICAL TERM
Topical term or geographic name entry element HOUSING INVESTMENT TRUSTS
650 ## - SUBJECT ADDED ENTRY--TOPICAL TERM
Topical term or geographic name entry element FINANCIAL INSTITUTIONS
650 ## - SUBJECT ADDED ENTRY--TOPICAL TERM
Topical term or geographic name entry element PRIVATE RENTING
650 ## - SUBJECT ADDED ENTRY--TOPICAL TERM
Topical term or geographic name entry element MODERNISATION
690 ## - LOCAL SUBJECT ADDED ENTRY--TOPICAL TERM (OCLC, RLIN)
Topical term or geographic name as entry element HOUSING-PRIVATE RENTED SECTOR
700 ## - ADDED ENTRY--PERSONAL NAME
Personal name Kemp, P.A.
942 ## - ADDED ENTRY ELEMENTS (KOHA)
Suppress in OPAC 0
Holdings
Withdrawn status Lost status Source of classification or shelving scheme Damaged status Not for loan Home library Current library Shelving location Date acquired Total Checkouts Full call number Barcode Date last seen Copy number Price effective from Koha item type
    Dewey Decimal Classification     London London Journal article 24/10/2002   ABS66058 120237-1001 06/08/2019 1 06/08/2019 Journal article